Statistiques concernant Pays les plus proches de l'Indonésie

Cliquez ici pour prendre le quiz!

Statistiques générales

  • Ce quiz a été pris 340 fois
  • Le résultat moyen est 17 sur 20

Statistiques - réponses

kmpays% Correct
0Malaisie
95%
179Inde
94%
146Australie
93%
6Singapour
92%
768Cambodge
91%
1561Chine
91%
600Viêt Nam
91%
1105Laos
90%
168Philippines
90%
301Thaïlande
90%
539Birmanie
86%
0Papouasie-
Nouvelle-Guinée
84%
1475Sri Lanka
84%
0Timor-Leste
82%
40Brunei
81%
2033Taïwan
76%
1719Bangladesh
73%
793Palaos
63%
1103Micronésie
62%
1701Salomon
59%

Distribution des résultats

Percentile par nombre de réponses

% des personnes avec chaque résultat

Votre développement - résultats

Vous n’avez pas pris ce quiz